000 00706nam a2200277Ia 4500
003 OSt
005 20221006144112.0
006 a|||||r|||| 00| 0
007 ta
008 221006b |||||||| |||| 00| 0 eng d
020 _a009136051
_c80.19
024 _a10,875
037 _cTextual
040 _aEASL
_cEASL
_beng
041 _2eng
_aeng
082 _aQ4v498, L7
100 _aTATZ Mark
_975499
245 0 _aRebirth
_b The Tibetan game of liberation
260 _aLondon
_bRider
_c1977
300 _a232p.
_ccm.
490 _v Gen
650 _aGen
700 _a KENT Jody
_975500
942 _hQ4v498, L7
_cTEXL
_2CC
999 _c1078961
_d1078961